Prírodný rekreačno - relaxačný komplex

Na minha lista:
Detalhes bibliográficos
Autor principal: László, Géza (Author)
Outros Autores: Pilař, Pavol (Thesis advisor)
Formato: Manuscrito Livro
Idioma:eslovaco
Publicado em: 2020
Assuntos:
Acesso em linha:http://is.stuba.sk/zp/portal_zp.pl?podrobnosti=124757
https://opac.crzp.sk/?fn=detailBiblioForm&sid=72994EA9AD52E4DE4F9248064587
Tags: Adicionar Tag
Sem tags, seja o primeiro a adicionar uma tag!

MARC

LEADER 00000ntm a22000003a 4500
001 stuzp72592
003 SK-STU
005 20230606160105.1
007 ta
008 150427s2015----xo-----f-mn---000-0-slo-d
040 |a STU  |b slo 
041 0 |a slo 
100 1 |a László, Géza  |u 010310  |4 aut  |U SvF Stavebná fakulta  |T SvF Katedra architektúry  |X 81078  |U V181|V310  |Y 19  |7 81078 
242 0 1 |a Recreation - relaxation complex in nature  |y eng 
245 1 0 |a Prírodný rekreačno - relaxačný komplex 
260 |c 2020 
650 4 |a Prírodný  |2 slo 
650 4 |a rekreačný  |2 slo 
650 4 |a relaxačný  |2 slo 
650 4 |a les  |2 slo 
650 4 |a Dunaj  |2 slo 
650 4 |a Recreation  |2 eng 
650 4 |a relaxation  |2 eng 
650 4 |a Natural  |2 eng 
700 1 |a Pilař, Pavol  |u 010310  |k Z1  |4 ths  |U SvF Stavebná fakulta  |T SvF Katedra architektúry  |X 59136  |U V181|V310  |Y 19  |7 A000059136 
856 4 |u http://is.stuba.sk/zp/portal_zp.pl?podrobnosti=124757 
856 4 |u https://opac.crzp.sk/?fn=detailBiblioForm&sid=72994EA9AD52E4DE4F9248064587